000 00554nam a2200217Ia 4500
008 210210b2011 xxu||||| |||| 00| 0 eng d
020 _a9788183567114
041 _aeng
082 _a658.15 MISF
100 _aMISRA (Rabi N)
245 _aFinancial management after globalization
260 _aNew Delhi
_bDiscovery Publishing House
_c2011
300 _axiv,239
650 _amanagement
650 _aglobalization
650 _aFinancial
650 _aafter
690 _aFinancial Management
700 _aCHANDRAYA (G)
906 _a066044
999 _c146759
_d146759